Statistiques concernant Oscar du meilleur film d'animation en images

Cliquez ici pour prendre le quiz!

Statistiques générales

  • Ce quiz a été pris 52 298 fois
    (11 094 depuis la dernière actualisation)
  • Le résultat moyen est 17 sur 23

Statistiques - réponses

Réponse% Correct
Ratatouille
97%
Le Monde de Némo
96%
Là-Haut
95%
La Reine des Neiges
95%
Shrek
94%
Rebelle
91%
Les Indestructibles
90%
Coco
87%
Zootopie
87%
Vice-versa
83%
WALL-E
83%
Toy Story 3
76%
Pinocchio par Guillermo del Toro
73%
Encanto : La Fantastique Famille Madrigal
72%
Soul
68%
Toy Story 4
64%
Le Voyage de Chihiro
59%
Les Nouveaux Héros
50%
Happy Feet
47%
Le Garçon et le Héron
47%
Spider-Man: New Generation
46%
Wallace et Gromit : Le Mystère du lapin-garou
41%
Rango
39%

Distribution des résultats

Percentile par nombre de réponses

% des personnes avec chaque résultat

Votre développement - résultats

Vous n’avez pas pris ce quiz depuis la dernière actualisation